150 Common French Verbs - Statistics

General Stats
  • This quiz has been taken 6,429 times
    6,404 since last reset
  • The average score is 79 of 150
Answer Stats
Definition Verb % Correct
be être
91%
arrive arriver
87%
eat manger
84%
buy acheter
83%
go aller
82%
have avoir
81%
drink boire
79%
change changer
79%
choose choisir
79%
like, love aimer
78%
begin, start commencer
78%
finish finir
78%
be able, can pouvoir
77%
continue continuer
76%
play jouer
76%
come venir
76%
help aider
75%
answer répondre
75%
listen écouter
74%
invite inviter
74%
read lire
74%
decide décider
73%
make, do faire
73%
give donner
72%
enter entrer
72%
close fermer
72%
prefer préférer
72%
sleep dormir
71%
die mourir
71%
forget oublier
70%
live vivre
70%
see voir
70%
believe croire
69%
ask for demander
69%
be born naître
69%
find trouver
69%
say dire
68%
smoke fumer
67%
open ouvrir
67%
pay payer
67%
know a fact savoir
67%
fall tomber
67%
learn apprendre
66%
descend descendre
66%
become devenir
66%
live in habiter
66%
swim nager
66%
go out sortir
66%
study étudier
65%
talk parler
65%
sell vendre
64%
stop, arrest arrêter
63%
hate détester
63%
pass, spend time passer
63%
come back revenir
63%
laugh rire
63%
visit visiter
63%
call, phone appeler
62%
complete compléter
62%
travel voyager
62%
look at regarder
61%
understand comprendre
60%
know, be familiar with connaître
60%
work travailler
60%
have to, should devoir
59%
offer offrir
59%
take prendre
59%
run courir
58%
control contrôler
57%
clean nettoyer
57%
think about, think of penser
57%
lose perdre
57%
want vouloir
57%
write écrire
56%
hope espérer
56%
put mettre
56%
receive recevoir
56%
use utiliser
56%
cost coûter
55%
snow neiger
55%
leave partir
55%
refuse refuser
55%
send envoyer
54%
repeat répéter
54%
feel, smell sentir
54%
occupy occuper
53%
return retourner
52%
propose, suggest proposer
51%
win, earn, gain gagner
50%
follow suivre
50%
wait for attendre
49%
cut couper
49%
hear, understand entendre
49%
try essayer
49%
bring apporter
48%
force forcer
48%
climb, ascend monter
48%
doubt douter
46%
wash laver
46%
get, obtain obtenir
46%
rain pleuvoir
46%
describe décrire
45%
cry pleurer
45%
wear, carry porter
45%
taste goûter
44%
redo refaire
43%
regret regretter
43%
burn brûler
42%
hide cacher
40%
wake up réveiller
40%
need, have need of avoir besoin
38%
obey obéir
38%
promise promettre
38%
fill remplir
38%
thank remercier
37%
hold, maintain control tenir
37%
correct corriger
36%
recognize reconnaître
36%
end terminer
36%
teach enseigner
35%
keep, reserve garder
34%
think, reflect réfléchir
34%
remain rester
34%
necessary, must falloir
33%
hurt, offend blesser
30%
hurry dépêcher
30%
replace remplacer
30%
reveal révéler
29%
forgive pardonner
28%
cook cuire
27%
tell, recount raconter
27%
succeed réussir
27%
wish souhaiter
27%
lift, stand lever
26%
leave someone, leave something quitter
26%
erase effacer
25%
include inclure
25%
return home rentrer
25%
put bed coucher
24%
worry inquiéter
24%
walk promener
24%
rest reposer
21%
write down, notice noter
20%
raise élever
17%
remove enlever
13%
argue bagarrer
9%
come from, be due to provenir
9%
happen advenir
7%
cause, provoke susciter
5%
reach, achieve parvenir
4%
No matching quizzes found
Score Distribution
Percent of People with Each Score
Percentile by Number Answered
Your Score History
You have not taken this quiz since the last reset